[Event "World Blitz Women 2023"]
[Site "Samarkand UZB"]
[Date "2023.12.30"]
[Round "16.30"]
[White "Guichard, Pauline"]
[Black "Aktamova, Zilola"]
[Result "1-0"]
[WhiteElo "2281"]
[BlackElo "1671"]
[EventDate "2023.12.29"]

1. d4 Nf6 2. Nf3 e6 3. g3 d5 4. Bg2 Be7 5. c4 O-O 6. O-O dxc4 7. Ne5 c5 8.
dxc5 Bxc5 9. Nxc4 Nc6 10. Nc3 Bd7 11. Bf4 a6 12. Bd6 Bxd6 13. Qxd6 Rc8 14.
Rfd1 Qc7 15. Qxc7 Rxc7 16. Nb6 e5 17. Ncd5 Nxd5 18. Nxd5 Rcc8 19. Nb6 Nd4
20. Nxd7 Rfd8 21. Nxe5 Nxe2+ 22. Kf1 Nd4 23. Bxb7 Rb8 24. Bxa6 Rxb2 25. Bc4
Kf8 26. Nxf7 Rd7 27. Ng5 Ke7 28. Rab1 Rxb1 29. Rxb1 Rc7 30. Bb3 h6 31. Ne4
Rc8 32. Kg2 Rc7 33. Rd1 Nf5 34. a4 Rb7 35. Nc5 Rc7 36. Re1+ Kd6 37. Ne4+
Ke5 38. a5 Ra7 39. a6 Kd4 40. Be6 Ne7 41. Nd2 Rxa6 42. Nf3+ Kd3 43. Re3+
Kc2 44. h4 Ng6 45. h5 Nf8 46. Bc4 Rc6 47. Bd3+ Kb2 48. g4 Nd7 49. Bf5 Nf6
50. Kg3 Rc5 51. Re7 Nd5 52. Rxg7 Rc6 53. Be4 Rd6 54. Bxd5 Rxd5 55. Rg6 Rd7
56. Rxh6 Rg7 57. Re6 Rg8 58. g5 1-0

[Event "World Blitz Women 2023"]
[Site "Samarkand UZB"]
[Date "2023.12.30"]
[Round "16.31"]
[White "Strutinskaia, Galina"]
[Black "Zhunusbekova, Aimonchok"]
[Result "0-1"]
[WhiteElo "2174"]
[BlackElo "1448"]
[EventDate "2023.12.29"]

1. d4 f5 2. Bg5 g6 3. h4 h6 4. Bf4 Nf6 5. Nc3 d6 6. Nf3 c6 7. Qd2 Bg7 8. e3
Na6 9. Bd3 Nb4 10. Be2 Bd7 11. Bg3 Qb6 12. Na4 Qa5 13. Nc3 Nbd5 14. Nxd5
Qxd5 15. c4 Qf7 16. Qc2 Ne4 17. Bf4 e6 18. Bd3 d5 19. Ne5 Bxe5 20. Bxe5 Rg8
21. f3 Nf6 22. O-O-O dxc4 23. Bxc4 Nd5 24. Rhe1 Qe7 25. g3 b5 26. Bxd5 cxd5
27. Kb1 Kf7 28. e4 Rgc8 29. Qd2 Qf8 30. Bf4 h5 31. exd5 exd5 32. Bg5 Be6
33. Re5 Rc6 34. Rde1 Rac8 35. Qa5 a6 36. g4 Re8 37. gxh5 gxh5 38. Qd2 Rc4
39. Bh6 Qg8 40. Qe3 Qg6 41. Bg5 f4+ 42. Qe4 dxe4 43. fxe4 Rxd4 44. Bxf4
Red8 45. Bc1 Rd1 46. Re2 Qf6 47. Rc5 Qf3 48. Rcc2 Rxc1+ 0-1

[Event "World Blitz Women 2023"]
[Site "Samarkand UZB"]
[Date "2023.12.30"]
[Round "16.32"]
[White "Khamrakulova, Iroda"]
[Black "Tohirjonova, Hulkar"]
[Result "1-0"]
[WhiteElo "2132"]
[BlackElo "2144"]
[EventDate "2023.12.29"]

1. e4 c6 2. d4 d5 3. exd5 cxd5 4. Nf3 Nf6 5. Be2 g6 6. O-O Bg7 7. c3 O-O 8.
h3 Nc6 9. Be3 Bf5 10. Qc1 Re8 11. Nbd2 Rc8 12. Qd1 a6 13. Nb3 Ne4 14. Nfd2
Nxd2 15. Qxd2 a5 16. Qd1 b6 17. Bg4 Qd7 18. Bxf5 Qxf5 19. Qb1 Qf6 20. Qd3
Qd6 21. Rfd1 Nb8 22. Qf1 Nd7 23. Rac1 Nf6 24. Nd2 Rc6 25. c4 Rec8 26. cxd5
Nxd5 27. Nf3 h5 28. a3 Qe6 29. Qe1 Kh7 30. Ng5+ Kg8 31. Nxe6 1-0

[Event "World Blitz Women 2023"]
[Site "Samarkand UZB"]
[Date "2023.12.30"]
[Round "16.33"]
[White "Khamrakulova, Shakhnoza"]
[Black "Zaksaite, Salomeja"]
[Result "0-1"]
[WhiteElo "2086"]
[BlackElo "2065"]
[EventDate "2023.12.29"]

1. e4 g6 2. d4 Bg7 3. c3 d6 4. Bc4 Nd7 5. Qf3 e6 6. Ne2 Ne7 7. Bg5 h6 8.
Bh4 c6 9. Bb3 O-O 10. O-O b6 11. Nd2 Ba6 12. Rfe1 c5 13. Bg3 Nf6 14. d5 e5
15. Bc4 Bc8 16. h3 Rb8 17. a4 a6 18. b4 Nd7 19. b5 a5 20. Qe3 f5 21. f4 g5
22. fxe5 f4 23. Nxf4 gxf4 24. Bxf4 Nxe5 25. Bxh6 N7g6 26. Bxg7 Kxg7 27. Be2
Qh4 28. Rf1 Bd7 29. Nf3 Qg3 30. c4 Nf4 31. Rf2 Nxh3+ 32. Kf1 Qxf2+ 33. Qxf2
Nxf2 34. Kxf2 Bg4 35. Rh1 Rh8 36. Rd1 Rbf8 37. Rg1 Rf6 38. Kg3 Bd7 39. Kf2
Kf7 40. Ke3 Ng4+ 41. Kd2 Ke7 42. Ng5 Rg8 43. Nf3 Rf4 0-1

[Event "World Blitz Women 2023"]
[Site "Samarkand UZB"]
[Date "2023.12.30"]
[Round "16.34"]
[White "Malikova, Marjona"]
[Black "Naisanga, Sheba Valentine"]
[Result "1-0"]
[WhiteElo "1730"]
[BlackElo "1358"]
[EventDate "2023.12.29"]

1. d4 d5 2. c4 e6 3. Nc3 Nf6 4. cxd5 exd5 5. Bg5 Be7 6. e3 O-O 7. Qc2 h6 8.
Bf4 c5 9. dxc5 Bxc5 10. Nf3 a6 11. Be2 Be6 12. O-O Nc6 13. a3 b5 14. Nxb5
Qb6 15. Nc3 Na5 16. b4 Be7 17. bxa5 Qxa5 18. Qd2 Rac8 19. Ne4 Qxd2 20.
Nexd2 Ne4 21. Nxe4 dxe4 22. Nd4 Bd7 23. Bxa6 Ra8 24. Bb5 Bc8 25. a4 Bf6 26.
Rac1 Ba6 27. Rc5 Be7 28. Rc7 Bb4 29. Rb1 1-0

[Event "World Blitz Women 2023"]
[Site "Samarkand UZB"]
[Date "2023.12.30"]
[Round "17.1"]
[White "Gunina, Valentina"]
[Black "Muzychuk, Anna"]
[Result "1-0"]
[WhiteElo "2348"]
[BlackElo "2447"]
[EventDate "2023.12.29"]

1. d4 Nf6 2. c4 g6 3. Nc3 d5 4. Nf3 Bg7 5. Bg5 Ne4 6. Bf4 Nxc3 7. bxc3 c5
8. e3 Qa5 9. Qd2 cxd4 10. cxd4 Qxd2+ 11. Kxd2 dxc4 12. Bxc4 O-O 13. h4 Nc6
14. h5 Na5 15. Bd3 Be6 16. h6 Bf6 17. Ng5 Bc4 18. Ne4 Bh8 19. Bc7 Bxd3 20.
Kxd3 Nc6 21. Rab1 f5 22. Nc5 b6 23. Ne6 Rfc8 24. Rhc1 Na5 25. f3 Bf6 26. g4
Kf7 27. d5 fxg4 28. fxg4 g5 29. e4 Kg6 30. e5 Bh8 31. Rc2 Re8 32. Rf1 Rac8
33. Rf5 Bf6 34. exf6 exf6 35. Rcf2 1-0

[Event "World Blitz Women 2023"]
[Site "Samarkand UZB"]
[Date "2023.12.30"]
[Round "17.2"]
[White "Kamalidenova, Meruert"]
[Black "Kosteniuk, Alexandra"]
[Result "0-1"]
[WhiteElo "2314"]
[BlackElo "2455"]
[EventDate "2023.12.29"]

1. e4 c6 2. d4 d5 3. Nd2 dxe4 4. Nxe4 Nf6 5. Nxf6+ exf6 6. c3 Bd6 7. Bd3
Na6 8. Ne2 Nc7 9. O-O O-O 10. Bf4 Bg4 11. Bxd6 Qxd6 12. f3 Bh5 13. Qd2 Bg6
14. Bc4 Rfe8 15. Rfe1 Bf5 16. Ng3 Be6 17. Bd3 b6 18. Be4 g6 19. b3 f5 20.
Bc2 Nd5 21. Rad1 Rad8 22. Ne2 Kg7 23. c4 Nf6 24. Qc3 Bd7 25. Ng3 h5 26. Nf1
h4 27. Ne3 Re7 28. c5 Qf4 29. Nc4 Rxe1+ 30. Qxe1 Be6 31. Nd6 Nd5 32. Rd3
Rd7 33. a3 Re7 34. Qd2 Bd7 35. b4 Qxd2 36. Rxd2 Re1+ 37. Kf2 Ra1 38. Nc4
Be6 39. Ne5 Ne7 40. a4 f6 41. Nd3 Kf7 42. b5 Ra2 43. Ke2 Nd5 44. Bd1 Nc3+
45. Ke1 cxb5 46. Rxa2 Bxa2 47. c6 bxa4 48. Nf4 Nd5 49. Nd3 a3 50. Kd2 Bc4
51. Nc1 a2 52. Nxa2 Bxa2 53. Ba4 Nc7 54. Kc3 a5 55. Bc2 Ke7 56. Kb2 Bd5 57.
Bd1 Bxc6 58. g3 hxg3 59. hxg3 Kd6 60. g4 fxg4 61. fxg4 f5 62. gxf5 gxf5 63.
Kc3 f4 64. Be2 f3 65. Bf1 Nd5+ 66. Kd2 a4 67. Ke1 b5 68. Kf2 a3 0-1

[Event "World Blitz Women 2023"]
[Site "Samarkand UZB"]
[Date "2023.12.30"]
[Round "17.3"]
[White "Dronavalli, Harika"]
[Black "Zhu, Jiner"]
[Result "0-1"]
[WhiteElo "2420"]
[BlackElo "2384"]
[EventDate "2023.12.29"]

1. Nf3 d5 2. g3 g6 3. Bg2 Bg7 4. d4 Nf6 5. O-O O-O 6. c4 c6 7. Ne5 Nbd7 8.
Nc3 dxc4 9. Nxc4 Nb6 10. Nxb6 Qxb6 11. Na4 Qa5 12. Nc5 Rd8 13. e3 e5 14.
Bd2 Qc7 15. Nb3 Bf5 16. Rc1 Be4 17. Ba5 b6 18. Bc3 Bxg2 19. Kxg2 exd4 20.
Bxd4 c5 21. Qf3 Qe7 22. Bc3 a5 23. Rcd1 a4 24. Nc1 Ne4 25. Bxg7 Kxg7 26.
Rxd8 Rxd8 27. Rd1 Ng5 28. Qe2 Qe4+ 29. f3 Nxf3 30. Kf2 Rxd1 31. Qxd1 Ng5
32. h4 Nh3+ 33. Kf1 Qh1+ 34. Ke2 Qg2+ 35. Kd3 Nf2+ 0-1

[Event "World Blitz Women 2023"]
[Site "Samarkand UZB"]
[Date "2023.12.30"]
[Round "17.4"]
[White "Munkhzul, Turmunkh"]
[Black "Divya, Deshmukh"]
[Result "1/2-1/2"]
[WhiteElo "2211"]
[BlackElo "2315"]
[EventDate "2023.12.29"]

1. e4 c5 2. Nf3 Nc6 3. d4 cxd4 4. Nxd4 Nf6 5. Nc3 e5 6. Ndb5 d6 7. Bg5 a6
8. Na3 b5 9. Nd5 Be7 10. Bxf6 Bxf6 11. c3 O-O 12. Nc2 Bg5 13. a4 bxa4 14.
Rxa4 a5 15. Bc4 Rb8 16. b3 Kh8 17. Nce3 Bxe3 18. Nxe3 Ne7 19. O-O f5 20.
exf5 Bxf5 21. Qd2 Bd7 22. Ra2 Bc6 23. Rd1 Rf6 24. Nd5 Nxd5 25. Bxd5 Bxd5
26. Qxd5 Qb6 27. Qxa5 Qxb3 28. Rad2 h6 29. h3 Qb6 30. Qxb6 Rxb6 31. c4 Rc6
32. Rd5 Kg8 33. c5 dxc5 34. Rc1 c4 35. Rxe5 Rf7 36. Rc3 Rfc7 37. Rf5 g6 38.
Rf4 Kg7 39. Kh2 Rc5 40. h4 g5 41. hxg5 hxg5 42. Re4 Kf6 43. f3 Kf5 44. Kg3
Rc8 45. Kf2 R5c6 46. Ke3 R6c7 47. g4+ Kf6 48. Kd2 Rd7+ 49. Kc2 Rdc7 50.
Rce3 Ra7 51. Rc3 Ra2+ 52. Kc1 Rf2 53. Kd1 Rh8 54. Rcxc4 Rh1+ 55. Re1 Rxe1+
56. Kxe1 Rxf3 57. Ke2 Rg3 58. Kf2 Ra3 1/2-1/2

[Event "World Blitz Women 2023"]
[Site "Samarkand UZB"]
[Date "2023.12.30"]
[Round "17.5"]
[White "Koneru, Humpy"]
[Black "Lagno, Kateryna"]
[Result "0-1"]
[WhiteElo "2452"]
[BlackElo "2522"]
[EventDate "2023.12.29"]

1. d4 Nf6 2. c4 e6 3. Nf3 d5 4. Nc3 Nbd7 5. Qc2 c5 6. cxd5 Nxd5 7. Nxd5
exd5 8. e3 Bd6 9. dxc5 Nxc5 10. Bb5+ Bd7 11. Bxd7+ Qxd7 12. O-O O-O 13. b3
Rac8 14. Qe2 a5 15. Bb2 a4 16. bxa4 Nxa4 17. Bd4 Rc4 18. Nd2 Rc2 19. Qd3
Rfc8 20. Nf3 h6 21. g3 Qg4 22. Kg2 Qe4 23. Rfd1 Bf8 24. Qxe4 dxe4 25. Nd2
f5 26. Rab1 Rxa2 27. Rxb7 Rcc2 28. Ra7 g5 29. g4 Bb4 30. Rg7+ Kf8 31. Rb1
Bd6 32. Rbb7 Rxd2 33. Rgf7+ Ke8 0-1

[Event "World Blitz Women 2023"]
[Site "Samarkand UZB"]
[Date "2023.12.30"]
[Round "17.6"]
[White "Assaubayeva, Bibisara"]
[Black "Munguntuul, Batkhuyag"]
[Result "1/2-1/2"]
[WhiteElo "2476"]
[BlackElo "2348"]
[EventDate "2023.12.29"]

1. c4 c6 2. Nf3 d5 3. g3 Nf6 4. Bg2 Bg4 5. Ne5 Bf5 6. cxd5 cxd5 7. Nc3 Nc6
8. d4 e6 9. O-O Bd6 10. Bf4 O-O 11. Nxc6 bxc6 12. Bxd6 Qxd6 13. Na4 Nd7 14.
Rc1 e5 15. dxe5 Nxe5 16. Qd4 Rfd8 17. Rfd1 h6 18. a3 Bg4 19. Rd2 Qe6 20.
Nc5 Qe7 21. b3 Bf5 22. Qf4 Bg6 23. Rdd1 a5 24. Qe3 Qf6 25. Rd4 Rab8 26. Qd2
Rb5 27. a4 Rbb8 28. Rd1 Ra8 29. Qc3 Qe7 30. h3 Nd7 31. Nxd7 Qxd7 32. e4 Qa7
33. exd5 cxd5 34. Bxd5 Rdc8 35. Bc4 Rab8 36. Qe3 Kh7 37. h4 Qc5 38. Qf4 Rb4
39. Rd5 Qb6 40. R1d2 h5 41. Qf3 Qa7 42. Rxh5+ Bxh5 43. Qf5+ Kg8 44. Qxc8+
Kh7 45. Qf5+ Bg6 46. Qe5 Qb7 47. h5 Be4 48. Qf4 Rxc4 49. f3 Rc1+ 50. Kg2
Bxf3+ 51. Kf2 Rd1 52. Qf5+ g6 53. hxg6+ Kg7 54. Rxd1 Bxd1 55. Qe5+ f6 56.
Qf5 Bxb3 57. g4 Qe7 58. Qxa5 Bc4 59. Qd2 Qa7+ 60. Kg3 Qxa4 61. Qd4 Qc6 62.
g5 Kxg6 63. gxf6 Qc7+ 64. Qf4 Qc5 65. Qe4+ 1/2-1/2

[Event "World Blitz Women 2023"]
[Site "Samarkand UZB"]
[Date "2023.12.30"]
[Round "17.7"]
[White "Ju, Wenjun"]
[Black "Charochkina, Daria"]
[Result "1-0"]
[WhiteElo "2522"]
[BlackElo "2254"]
[EventDate "2023.12.29"]

1. d4 d5 2. c4 c6 3. Nf3 Nf6 4. Nc3 e6 5. Bg5 h6 6. Bxf6 Qxf6 7. e3 g6 8.
Be2 Bg7 9. e4 dxe4 10. Nxe4 Qd8 11. O-O O-O 12. c5 Nd7 13. Qc2 e5 14. Rad1
exd4 15. Nxd4 Qc7 16. Bc4 Ne5 17. Bb3 Bg4 18. f3 Bd7 19. Nd6 b6 20. f4 bxc5
21. fxe5 cxd4 22. Qxg6 Be6 23. Bxe6 fxe6 24. Qxe6+ Kh7 25. Nf7 Qc8 26. Qxc8
Raxc8 27. Rxd4 Rc7 28. Rdf4 Kg6 29. e6 Re8 30. Rg4+ Kh7 31. Re4 Ree7 32. b3
c5 33. Nd6 Bd4+ 34. Kh1 Rc6 35. Rf7+ Rxf7 36. exf7 Bg7 37. Nf5 Rf6 38. g4
Rxf7 39. Rc4 Bf8 40. Kg2 Rd7 41. Rc2 Kg6 42. Kf3 Rd3+ 43. Ke4 Rd1 44. Ne3
Rd4+ 45. Kf3 Rd3 46. Rc4 Rd2 47. Ra4 Rxh2 48. Rxa7 Rh3+ 49. Ke4 Bg7 50. Nd5
Rh1 51. Nf4+ Kh7 52. Nh5 Re1+ 1-0

[Event "World Blitz Women 2023"]
[Site "Samarkand UZB"]
[Date "2023.12.30"]
[Round "17.8"]
[White "Garifullina, Leya"]
[Black "Goryachkina, Aleksandra"]
[Result "0-1"]
[WhiteElo "2216"]
[BlackElo "2475"]
[EventDate "2023.12.29"]

1. e4 c5 2. Nf3 e6 3. d4 cxd4 4. Nxd4 Nc6 5. Nc3 Bc5 6. Nb3 Bb4 7. Bd2 Nf6
8. Qe2 a5 9. a3 Bxc3 10. Bxc3 e5 11. O-O-O O-O 12. g4 a4 13. Nc5 d6 14. g5
Ne8 15. h4 b5 16. Nd3 Be6 17. Nb4 Nxb4 18. Bxb4 Bc4 19. Qe3 Qc7 20. f4 Rc8
21. Rd2 Bxf1 22. Rxf1 Qc4 23. Rdd1 Qxc2# 0-1

[Event "World Blitz Women 2023"]
[Site "Samarkand UZB"]
[Date "2023.12.30"]
[Round "17.9"]
[White "Stefanova, Antoaneta"]
[Black "Borisova, Ekaterina"]
[Result "1-0"]
[WhiteElo "2398"]
[BlackElo "2130"]
[EventDate "2023.12.29"]

1. d4 g6 2. Nf3 Bg7 3. g3 d6 4. Bg2 e5 5. dxe5 dxe5 6. Qxd8+ Kxd8 7. O-O c6
8. a4 h6 9. Nfd2 Kc7 10. a5 Be6 11. Ne4 Nd7 12. Be3 Ngf6 13. Nc5 Nxc5 14.
Bxc5 Nd7 15. Be3 f5 16. c3 b6 17. Nd2 Rhd8 18. h4 Nf6 19. Nf3 Ng4 20. Bc1
e4 21. Bf4+ Kb7 22. Nd4 Bxd4 23. cxd4 Bc4 24. Rfe1 h5 25. f3 Nf6 26. Bg5
Rd6 27. Bxf6 Rxf6 28. fxe4 fxe4 29. Bxe4 Re8 30. Bf3 Re3 31. axb6 axb6 32.
Rac1 Bd5 33. Bxd5 cxd5 34. Rc3 Rfe6 35. Kf2 R3e4 36. e3 Rf6+ 37. Kg2 Re7
38. Rf1 Rfe6 39. Rf3 Rd6 40. Kf2 Rde6 41. Rf8 Re4 42. Rf6 R4e6 43. Rxe6
Rxe6 44. Ke2 Ka6 45. Rc7 Kb5 46. Rf7 Kb4 47. Rd7 Kc4 48. Kd2 b5 49. Rc7+
Kb3 50. Rc5 b4 51. Rxd5 Kxb2 52. Rb5 b3 53. d5 Rf6 54. e4 Ka2 55. e5 Rf2+
56. Ke3 Rf5 57. Ke4 b2 58. d6 Rf1 59. d7 Re1+ 60. Kd5 Rd1+ 61. Ke6 Rd3 62.
Ke7 Rd5 63. Rxb2+ Kxb2 64. e6 g5 65. d8=Q 1-0

[Event "World Blitz Women 2023"]
[Site "Samarkand UZB"]
[Date "2023.12.30"]
[Round "17.10"]
[White "Shuvalova, Polina"]
[Black "Vaishali, Rameshbabu"]
[Result "1-0"]
[WhiteElo "2342"]
[BlackElo "2410"]
[EventDate "2023.12.29"]

1. e4 e5 2. Nf3 Nc6 3. Nc3 Nf6 4. Bb5 Bd6 5. d3 h6 6. Ba4 a6 7. h3 Bc5 8.
O-O d6 9. Bxc6+ bxc6 10. d4 exd4 11. Nxd4 Bd7 12. Be3 O-O 13. Qd3 Re8 14.
Rfe1 Bb4 15. Bd2 c5 16. Nde2 Bxc3 17. Nxc3 Bc6 18. Rad1 Qc8 19. Bf4 Qb7 20.
f3 Rad8 21. b3 Nd7 22. Kh1 Nf8 23. Bg3 Ne6 24. Kh2 a5 25. Nd5 Nf8 26. c4 a4
27. f4 axb3 28. axb3 Rb8 29. Re3 Bxd5 30. cxd5 Qb5 31. Qc2 f5 32. e5 Qd7
33. e6 Qe7 34. Qxf5 Rb4 35. Qg4 Qf6 36. Qf3 Ng6 37. Rf1 Re7 38. f5 Ne5 39.
Bxe5 dxe5 40. Qg3 e4 41. Rf4 Rd4 42. Rfxe4 Rxd5 43. Re5 c6 44. Qf4 Kh7 45.
Qe4 Rd6 46. Rxc5 Rd4 47. Qf3 Rd2 48. Rxc6 Qd4 49. Rc4 Qd6+ 50. Qg3 Qd5 51.
Rf4 Rd1 52. Qf3 Qd6 53. Qg3 Qd5 54. Re1 Rd3 55. Qg4 Rxb3 56. Qg6+ Kh8 57.
Ra1 Qe5 58. Ra8+ Rb8 59. Rxb8+ Qxb8 60. Qg3 Qe5 61. Rf3 Qe4 62. Qf4 Qd5 63.
Re3 Qd8 64. Qe5 Qf8 65. Rg3 Kh7 66. Rf3 Qe8 67. Qe4 Qb8+ 68. Qf4 Qf8 69. g4
Qf6 70. Qe4 Rc7 71. Kg3 Ra7 72. h4 Qe7 73. f6+ 1-0

[Event "World Blitz Women 2023"]
[Site "Samarkand UZB"]
[Date "2023.12.30"]
[Round "17.11"]
[White "Muzychuk, Mariya"]
[Black "Omonova, Umida"]
[Result "1-0"]
[WhiteElo "2443"]
[BlackElo "2304"]
[EventDate "2023.12.29"]

1. e4 c5 2. c3 d5 3. exd5 Qxd5 4. Nf3 Nf6 5. d4 e6 6. Na3 cxd4 7. Nb5 Na6
8. Qxd4 Bc5 9. Qxd5 Nxd5 10. Bc4 O-O 11. Bxd5 exd5 12. O-O Bd7 13. Nbd4 Nc7
14. Bf4 Ne6 15. Nxe6 fxe6 16. Bg3 h6 17. Rfe1 b5 18. Ne5 Bc8 19. Nc6 a5 20.
a3 Ra6 21. Ne5 a4 22. Rad1 Ra7 23. Nd3 Be7 24. Nf4 Kf7 25. Re2 g5 26. Nd3
h5 27. Ne5+ Ke8 28. Nc6 Rd7 29. Rxe6 Rf6 30. Rxe7+ Rxe7 31. Nxe7 Kxe7 32.
Rxd5 h4 33. Be5 Re6 34. Rxb5 Bd7 35. Ra5 Rb6 36. c4 Be6 37. Rxa4 Rb7 38. c5
Rd7 39. Bd6+ Kf6 40. f4 g4 41. Rd4 Rb7 42. b4 Ra7 43. Rd3 Bf5 44. Re3 h3
45. gxh3 gxh3 46. c6 Rg7+ 47. Rg3 Ra7 48. c7 Ra6 49. Be5+ Kf7 50. Rg7+ Kf8
51. Rg5 Bd7 52. Kf2 Rxa3 53. Rh5 Ra2+ 54. Kg3 Rc2 55. Rh8+ Kf7 56. Rd8 Bf5
57. b5 Rc5 58. b6 Rb5 59. c8=Q Bxc8 60. Rxc8 Rxb6 61. Kxh3 Kg6 62. Kg4 Rb4
63. Rc6+ Kf7 64. Kf5 Rb3 65. Rc7+ Ke8 66. h4 Rh3 67. Kg4 Rh1 68. h5 Kf8 69.
Kg5 Kg8 70. h6 Rg1+ 71. Kf5 Rh1 72. h7+ Rxh7 73. Rxh7 Kxh7 74. Ke6 Kg6 75.
f5+ Kg5 76. f6 1-0

[Event "World Blitz Women 2023"]
[Site "Samarkand UZB"]
[Date "2023.12.30"]
[Round "17.12"]
[White "Narva, Mai"]
[Black "Mammadzada, Gunay"]
[Result "1-0"]
[WhiteElo "2292"]
[BlackElo "2408"]
[EventDate "2023.12.29"]

1. e4 c5 2. Nf3 d6 3. Bb5+ Nd7 4. a4 Nf6 5. Nc3 a6 6. Be2 g6 7. O-O Bg7 8.
a5 b6 9. axb6 Bb7 10. d3 Nxb6 11. Be3 O-O 12. Qd2 Ng4 13. Bg5 h6 14. Bh4
Qc7 15. h3 Nf6 16. Bxf6 exf6 17. d4 Rfe8 18. Qf4 cxd4 19. Nxd4 Nc4 20. Bxc4
Qxc4 21. Ra4 Qc7 22. Rd1 Rad8 23. Nb3 Re5 24. Nd4 Qb6 25. Nf3 Rc5 26. Ra2
f5 27. Na4 g5 28. Qe3 f4 29. Qa3 Qc7 30. Nxc5 dxc5 31. Rxd8+ Qxd8 32. Qxc5
Qd1+ 33. Kh2 Bxe4 34. Ra3 Bxb2 35. Rxa6 Bg7 36. Rd6 Qf1 37. c4 Kh7 38. Rd7
Bxf3 39. gxf3 Qb1 40. Rxf7 Qc2 41. Qd4 1-0

[Event "World Blitz Women 2023"]
[Site "Samarkand UZB"]
[Date "2023.12.30"]
[Round "17.13"]
[White "Nurmanova, Alua"]
[Black "Khademalsharieh, Sarasadat"]
[Result "1-0"]
[WhiteElo "2249"]
[BlackElo "2395"]
[EventDate "2023.12.29"]

1. e4 e5 2. Nf3 Nc6 3. Bb5 g6 4. O-O Bg7 5. c3 a6 6. Ba4 Nge7 7. d4 exd4 8.
cxd4 b5 9. Bb3 d6 10. h3 O-O 11. Nc3 Na5 12. Bc2 Bb7 13. Re1 c5 14. d5 Nc4
15. Rb1 Qc7 16. a4 b4 17. Ne2 h6 18. Ng3 Rae8 19. Bd3 Nb6 20. b3 Bc8 21.
Bb2 a5 22. Bxg7 Kxg7 23. Qd2 Nd7 24. Bb5 Rd8 25. Qb2+ f6 26. Ne2 Ne5 27.
Nd2 Bd7 28. f4 Nf7 29. Nc4 Nc8 30. Bxd7 Rxd7 31. Ng3 h5 32. f5 h4 33. fxg6
hxg3 34. gxf7 Rdxf7 35. Re3 Kh8 36. Rxg3 Rg7 37. Qf2 Qe7 38. Re1 Rfg8 39.
Rxg7 Qxg7 40. Ne3 Qg5 41. Nf5 Re8 42. Re3 c4 43. bxc4 Nb6 44. Rg3 Qh5 45.
Qxb6 Rxe4 46. Qd8+ Kh7 47. Rg7# 1-0

[Event "World Blitz Women 2023"]
[Site "Samarkand UZB"]
[Date "2023.12.30"]
[Round "17.14"]
[White "Wagner, Dinara"]
[Black "Mkrtchyan, Mariam"]
[Result "0-1"]
[WhiteElo "2350"]
[BlackElo "2150"]
[EventDate "2023.12.29"]

1. d4 d5 2. c4 e6 3. Nf3 Nf6 4. g3 Bb4+ 5. Bd2 Be7 6. Bg2 O-O 7. O-O c6 8.
Qc2 a5 9. Bf4 h6 10. Nbd2 Nh5 11. Be5 Nd7 12. Rad1 f6 13. Bf4 Nxf4 14. gxf4
f5 15. e3 g5 16. Ne5 Nxe5 17. dxe5 Bd7 18. Kh1 g4 19. Nb3 h5 20. Rg1 Rf7
21. Nd4 Rg7 22. Qb3 Bh4 23. Rgf1 Rb8 24. cxd5 cxd5 25. a4 Be7 26. Nxf5 exf5
27. Qxd5+ Kh8 28. Qxd7 Qf8 29. Qe6 h4 30. Rd7 h3 31. Bd5 Rh7 32. Qg6 Rd8
33. Rxd8 Qxd8 34. Rd1 Bb4 35. Qxf5 Rg7 36. e4 Qh4 37. Rc1 Be7 38. Rc8+ Bd8
39. Qf6 Qxf2 40. Rxd8+ Kh7 41. Qh4+ Qxh4 0-1

[Event "World Blitz Women 2023"]
[Site "Samarkand UZB"]
[Date "2023.12.30"]
[Round "17.15"]
[White "Ushenina, Anna"]
[Black "Bivol, Alina"]
[Result "0-1"]
[WhiteElo "2334"]
[BlackElo "2250"]
[EventDate "2023.12.29"]

1. d4 d5 2. Nf3 Nf6 3. e3 e6 4. Bd3 c5 5. b3 Nc6 6. O-O Be7 7. Bb2 cxd4 8.
exd4 O-O 9. Nbd2 Nb4 10. Be2 Bd7 11. a3 Nc6 12. Bd3 Rc8 13. Ne5 Nxe5 14.
dxe5 Ne8 15. Nf3 g6 16. Nd4 Ng7 17. Qg4 f6 18. Nf3 f5 19. Qf4 g5 20. Qd2
Be8 21. c4 dxc4 22. Bxc4 Qxd2 23. Nxd2 b5 24. Bd3 Rd8 25. Rac1 Rxd3 26. Rc2
Bg6 27. Nf3 Rfd8 28. Rc7 Kf8 29. Rxa7 Rxb3 30. Bd4 g4 31. Bb6 Rb8 32. Nd4
Rxa3 33. Rxe7 Rxb6 34. Rd7 Be8 35. Rc7 b4 36. f3 gxf3 37. Nxf3 b3 38. Ng5
Bg6 39. Rd1 Rb8 40. Rdd7 b2 41. Nxh7+ Kg8 42. Rxg7+ Kh8 43. h3 b1=Q+ 44.
Kh2 Qe4 45. Rc5 Bxh7 46. Rgc7 Rg8 0-1

[Event "World Blitz Women 2023"]
[Site "Samarkand UZB"]
[Date "2023.12.30"]
[Round "17.16"]
[White "Gvetadze, Sofio"]
[Black "Lei, Tingjie"]
[Result "0-1"]
[WhiteElo "2170"]
[BlackElo "2530"]
[EventDate "2023.12.29"]

1. Nf3 d5 2. g3 Nf6 3. Bg2 e6 4. O-O Be7 5. d3 c5 6. Nbd2 Nc6 7. e4 O-O 8.
Re1 Qc7 9. Qe2 b5 10. e5 Nd7 11. Nf1 Bb7 12. h4 Nd4 13. Nxd4 cxd4 14. Bg5
Bb4 15. Bd2 Bxd2 16. Qxd2 Nxe5 17. Qf4 f6 18. Rac1 Qb6 19. g4 Rae8 20. h5
Nf7 21. Ng3 e5 22. Qd2 Qe6 23. f3 g6 24. Kf2 f5 25. hxg6 hxg6 26. gxf5 gxf5
27. Bh3 e4 28. dxe4 dxe4 29. fxe4 Nd6 30. Qg5+ Kf7 31. Nxf5 Nxf5 32. Bxf5
Qf6 33. Qf4 Qe5 34. Qh6 Rh8 35. Qg6+ Ke7 36. Rh1 Qf4+ 37. Kg2 Reg8 38. Rxh8
Rxg6+ 39. Bxg6 Qxc1 40. Rh7+ Kf6 41. Rxb7 Qxc2+ 42. Kf3 Qd3+ 43. Kf4 Qe3+
44. Kg4 Kxg6 45. Rxb5 Qxe4+ 46. Kg3 Qd3+ 0-1

[Event "World Blitz Women 2023"]
[Site "Samarkand UZB"]
[Date "2023.12.30"]
[Round "17.17"]
[White "Lu, Miaoyi"]
[Black "Tan, Zhongyi"]
[Result "0-1"]
[WhiteElo "2284"]
[BlackElo "2519"]
[EventDate "2023.12.29"]

1. e4 d6 2. d4 Nf6 3. Bd3 e5 4. c3 Nbd7 5. Nf3 c6 6. O-O Be7 7. Re1 O-O 8.
Nbd2 Qc7 9. Nf1 Re8 10. Ng3 Bf8 11. h3 a5 12. a4 b6 13. Be3 Ba6 14. Bc2 b5
15. axb5 cxb5 16. Qd2 Nb6 17. Bd3 Nc4 18. Bxc4 bxc4 19. Bg5 Nd7 20. Nf5
Rab8 21. Rad1 Rb5 22. dxe5 Nxe5 23. Nxe5 Rbxe5 24. Nxd6 R8e6 25. Bf4 Rh5
26. Nf5 Qb7 27. Qd8 Bb5 28. Nd6 Qc6 29. Nxb5 Rxb5 30. e5 Rxb2 31. Rd6 Qe8
32. Qxe8 Rxe8 33. Ra6 Ra2 34. Re4 a4 35. Rxc4 a3 36. Rca4 Rc2 37. c4 Rc8
38. Ra8 R2xc4 39. Rxc4 Rxa8 40. Rc1 a2 41. Ra1 Bb4 42. e6 Bc3 43. Rxa2 Rxa2
44. e7 Ra8 45. Bc7 Re8 46. Bd8 Bf6 0-1